000 02306nam0a2200409 4500
001 RU\NLR\BIBL_A\021973914
005 20230726115448.0
010 _a978-5-248-01052-3
_9300
021 _aRU
_bКН-П-23-036069
_9КН-П-23-3577
035 _a(NLR Aleph) 021973914
035 _a(RuMoRGB)011831482
090 _a12372678
_c12372678
100 _a20230704d2023 k y0rusy50 ca
101 0 _arus
_deng
_erus
_eeng
102 _aRU
105 _aac||z|||000zy
181 0 _ai
_baxxe
182 0 _an
200 1 _aВ крымском изгнании. Н. Н. Раевский-мл. и М. С. Воронцов в письмах и в жизни, 1834-1844 гг.
_eпо материалам "Архива Раевских"
_eмонография
_fТ. М. Фадеева
_gИнститут научной информации по общественным наукам Российской академии наук, Отдел истории
203 _aТекст
_bвизуальный
_cнепосредственный
210 _aМосква
_cИНИОН
_d2023
215 _a201 с.
_cил., портр.
_d21
300 _aРез. англ.
320 _aБиблиогр. в подстроч. примеч.
517 1 _aН. Н. Раевский-мл. и М. С. Воронцов в письмах и в жизни, 1834-1844 гг.
600 1 _aВоронцов
_bМ. С.
_f1782 - 1856
_gМихаил Семенович
_92216252
_3RU\NLR\AUTH\661331064
600 1 _aРаевский
_bН. Н.
_f1801 - 1843
_gНиколай Николаевич
_92127200
_3RU\NLR\AUTH\661587638
675 _a94(47+57)"18"(044)
_v4
686 1 _aТ3(2)47-8
686 1 _aЦ35(2)47-424д
700 1 _7ca
_8rus
_aФадеева
_bТ. М.
_cканд. ист. наук
_gТатьяна Михайловна
_944134
_3RU\NLR\AUTH\7761204
702 1 _4280
_7ca
_8rus
_aРаевский
_bН. Н.
_cмл.
_cгенерал-лейтенант
_f1801-1843
_gНиколай Николаевич
_9100616
_3RU\NLR\AUTH\77117691
702 1 _4280
_7ca
_8rus
_aВоронцов
_bМ. С.
_f1782-1856
_gМихаил Семенович
_933801
_3RU\NLR\AUTH\7750867
942 _cBOOK
980 _aNB